El derecho a la Educación Intercultural Bilingüe en el Ecuador (Registro nro. 64672)
[ vista simple ]
| 000 -CABECERA | |
|---|---|
| Campo de control interno | nam a22 7a 4500 |
| 005 - FECHA Y HORA DE LA CATALOGACION | |
| Campo de control | 20220629193323.0 |
| 008 - ELEMENTOS DE LONGITUD FIJA - INFORMACION | |
| Elementos de Longitud Fija - Informaci | 220629b xxu||||| |||| 00| 0 eng d |
| 040 ## - ORIGEN DE LA CATALOGACION | |
| Origen de la Catalogación | ANE |
| 041 ## - CODIGO DE LENGUAJE | |
| Código de lenguaje del texto | Es |
| 100 ## - AUTOR PERSONAL | |
| Autor Personal | Rodríguez Caguana, Adriana |
| 245 ## - TÍTULO GENERAL | |
| Título | El derecho a la Educación Intercultural Bilingüe en el Ecuador |
| 300 ## - DESCRIPCION | |
| Número de páginas | 9 p. |
| 650 ## - DESCRIPTORES - TEMAS | |
| Temas - Descriptores | Movimiento Indígena, Educación Intercultural Bilingüe. Estado Plurinacional |
| 856 ## - URL - Ubicaci | |
| URI/URL | http://documentacion.asambleanacional.gob.ec/alfresco/d/d/workspace/SpacesStore/da132d8e-db8c-4805-a403-da69091e8332/El%20derecho%20a%20la%20Educaci%c3%b3n%20Intercultural%20Bilingue%20en%20el%20Ecuador.pdf |
| 942 ## - ELEMENTOS DE KOHA | |
| Esquema de Clasificaci | |
| Tipo de Documento | Biblioteca Virtual |
| Catalogador | Nr. |
| Withdrawn status | Lost status | Fuente de Clasificaci | Damaged status | Not for loan | Ubicaci | Biblioteca | Fecha de Adquisición | Vía de adquisición | Signatura Topogr | Código de barras | Date last seen | Price effective from | Tipo de Item |
|---|---|---|---|---|---|---|---|---|---|---|---|---|---|
| Biblioteca Asamblea Nacional | Biblioteca Asamblea Nacional | 2022-06-29 | Donación | Documento | 48181 | 2022-06-29 | 2022-06-29 | Biblioteca Virtual |